Acquisti più costosi - Manchester City - Statistics

Statistiche generali
  • Questo quiz è stato fatto 76 volte
  • Il punteggio medio è 14 su 19
Statistiche sulle risposte
Costo (M €) Da Nazione Anno Calciatore % Corretto
76 Wolfsburg Belgio 2015 Kevin De Bruyne
100%
60 Borussia Dortmund Norvegia 2022 Erling Haaland
98%
67,80 Leicester City Algeria 2018 Riyad Mahrez
98%
117,50 Aston Villa Inghilterra 2021 Jack Grealish
97%
65 Juventus Portogallo 2019 João Cancelo
95%
71,60 Benfica Portogallo 2020 Rúben Dias
91%
65 Athletic Bilbao Francia/Spagna 2018 Aymeric Laporte
86%
50 Monaco Portogallo 2017 Bernardo Silva
84%
63,70 Liverpool Inghilterra 2015 Raheem Sterling
81%
62,70 Atletico Madrid Spagna 2019 Rodri
77%
45,30 Bournemouth Peasi Bassi 2020 Nathan Aké
72%
52,70 Tottenham Inghilterra 2017 Kyle Walker
70%
57,50 Monaco Francia 2017 Benjamin Mendy
63%
55,60 Everton Inghilterra 2016 John Stones
58%
49 Leeds Utd Inghilterra 2022 Kelvin Philips
58%
43 Real Madrid Brasile 2008 Robinho
47%
52 Schalke 04 Germania 2016 Leroy Sané
44%
44,50 Valencia Argentina 2015 Nicolás Otamendi
44%
45 Porto Francia 2014 Eliaquim Mangala
25%
Nessun quiz corrispondente trovato
Distribuzione punteggi
Percentuale di utenti per punteggio
Percentile per numero di risposta
I tuoi punteggi nel tempo
Non hai fatto questo quiz